| 000 | 00702nam a22002537a 4500 | ||
|---|---|---|---|
| 003 | OSt | ||
| 005 | 20220107122744.0 | ||
| 008 | 140522b xxu||||| |||| 00| 0 eng d | ||
| 020 | _a9788126520220 | ||
| 040 | _cIIITM-K | ||
| 082 | _a006.74P SUE/P | ||
| 100 |
_aSuehring, Steve _94831 |
||
| 245 |
_aPHP6 and MySQL bible _cby Steve Suehring; Tim Converse; Joyce Park |
||
| 260 |
_aNew Delhi, _bWiley, _c2014. |
||
| 300 | _axxxviii, 873p. | ||
| 650 |
_aCOMPUTER SCIENCE _94832 |
||
| 650 |
_aWEB PROGRAMMING _94833 |
||
| 650 |
_aDATABASE MANAGEMENT SYSTEM _94834 |
||
| 650 |
_aPHP _94835 |
||
| 650 |
_aMySQL _94836 |
||
| 700 |
_aConverse, Tim _94945 |
||
| 700 |
_aPark, Joyce _94946 |
||
| 942 |
_2ddc _cBK |
||
| 999 |
_c4087 _d4087 |
||